Những bí ẩn của muôn đời : 145 nghi án thế giới

Shranjeno v:
Bibliografske podrobnosti
Glavni avtor: Thi Tuyên Viên
Format: Knjiga
Izdano: Phụ nữ 2001
Oznake: Označite
Brez oznak, prvi označite!
Thư viện lưu trữ: Mạng thư viện Đại học Đà Nẵng
LEADER 00645nam a2200229 a 4500
001 000028619
003 14061
005 20171030145630.0
008 171030s2001
020 |c 60000 
040 |a LTT 
082 0 |a 001  |b TH-V 
100 1 |a Thi Tuyên Viên 
245 0 0 |a Những bí ẩn của muôn đời : 145 nghi án thế giới  |c Thi Tuyên Viên, Lâm Diệu Thâm, Hứa Lập Ngôn ; Nguyễn Văn Ái biên dịch. 
260 |b Phụ nữ  |c 2001 
OWN |a LTT 
999 |a From the UDN01 
TYP |a Monograph 
TYP |a Printed language 
980 |a Mạng thư viện Đại học Đà Nẵng